000 00562nam a2200229Ia 4500
005 20260320202058.0
008 008 262003s9999 xx 000 0 eng d
037 _aEBOOK
040 _aCRL
040 _beng
040 _cCRL
041 _2eng
041 _aeng
084 _qCRL
100 _aKrunic
_91136746
245 0 _aSucceeding with AI: How to make AI work for your business 
260 _bIEEE
856 _uhttps://ieeexplore.ieee.org/servlet/opac?bknumber=10280467
942 _cEBOOK
999 _c1725181
_d1725181